00000000nam 2200000zi 4500
0019.945302
003CaOODSP
00520241121094721
006m     o  d f      
007cr mn|||||||||
008241119s1971    onc     o    f000 0 eng d
040 |aCaOODSP|beng|erda|cCaOODSP
041 |aeng|bfre
043 |an-cn---
0861 |aCo41-1/7EE-PDF|zCo41-1/7E
24500|aMultidisciplinary manpower study.
24634|aMultidisciplinary manpower project report
264 1|aOttawa : |bDepartment of Communications, |c1971.
300 |a1 online resource (165 pages).
336 |atext|btxt|2rdacontent
337 |acomputer|bc|2rdamedia
338 |aonline resource|bcr|2rdacarrier
4901 |aTelecommission study ; |v7(e)
500 |aIssued also in French under title: Compétence multidisciplinaire en matière de télécommunications.
500 |aDigitized edition from print [produced by Innovation, Science and Economic Development Canada].
500 |a"December 1970."
546 |aIncludes some text in French.
650 0|aCommunication|xStudy and teaching|zCanada.
650 0|aExecutives|xTraining of|zCanada.
650 0|aTelecommunication|zCanada.
7101 |aCanada. |bDepartment of Communications, |eissuing body.
77508|tCompétence multidisciplinaire en matière de télécommunications.|w(CaOODSP)9.945303
830#0|aTelecommission study ;|v7(e).|w(CaOODSP)9.927947
85640|qPDF|s2.26 MB|uhttps://publications.gc.ca/collections/collection_2024/isde-ised/co41-1/Co41-1-7E-eng.pdf